Central Library OPAC University of Rajshahi

جرمنی نامہ ;; German namah / (Record no. 83499)

MARC details
000 -LEADER
fixed length control field 00650nam a2200193 a 4500
001 - CONTROL NUMBER
control field 83499
003 - CONTROL NUMBER IDENTIFIER
rucl marc code BD-RjUL
005 - DATE AND TIME OF LATEST TRANSACTION
control field 20240327122402.0
008 - FIXED-LENGTH DATA ELEMENTS--GENERAL INFORMATION
fixed length control field 240327s1966 p ||||| |||| 00| 0 urd d
035 ## - SYSTEM CONTROL NUMBER
System control number (BD-RjUL)83499
040 ## - CATALOGING SOURCE
Original cataloging agency BD-RjUL
Language of cataloging eng
Transcribing agency BD-RjUL
041 ## - LANGUAGE CODE
Language code of text/sound track or separate title urd
082 ## - DEWEY DECIMAL CLASSIFICATION NUMBER
Edition number 23
Classification number 914.3
Author mark and year DEG 1966
100 ## - MAIN ENTRY--PERSONAL NAME
Personal name دہلوی، حکیم محمد سعید ;; Dehlavi, Hakim Mohammad Sayid /
9 (RLIN) 12575
245 10 - TITLE STATEMENT
Title جرمنی نامہ ;; German namah /
Statement of responsibility, etc. مصنف : حکیم محمد سعید دہلوی ;;; Author: Hakim Muhammad Sayid Dehlavi
264 ## - PRODUCTION, PUBLICATION, DISTRIBUTION, MANUFACTURE, AND COPYRIGHT NOTICE
Place of production, publication, distribution, manufacture Lahore :
Name of producer, publisher, distributor, manufacturer Maktubah Zadid ,
Date of production, publication, distribution, manufacture, or copyright notice 1966
300 ## - PHYSICAL DESCRIPTION
Pagination 584 p.;
Size 21 cm
942 ## - ADDED ENTRY ELEMENTS (KOHA)
Source of classification or shelving scheme Dewey Decimal Classification
Koha item type Books
Holdings
Lost status Source of classification or shelving scheme Damaged status Not for loan Collection code Permanent Location Current Location Shelving location Date acquired Source of acquisition Cost, normal purchase price Total Checkouts Full call number Date last seen Copy number Koha item type
  Dewey Decimal Classification   Not For Loan Non-fiction Central Library, University of Rajshahi Central Library, University of Rajshahi Reading Room 22/09/1969 Book Centre; Karachi 15.00   U 914.3 DEG 1966 27/03/2024 C-1 Books